Take Me to Church - Hozier (All Lyrics) - Statistics

General Stats
  • This quiz has been taken 888 times
  • The average score is 349 of 438
Answer Stats
Lyrics % Correct
I
99%
a
98%
A
98%
A,
98%
me,
97%
me
97%
My
97%
my
97%
to
97%
To
97%
church
96%
Take
96%
the
96%
The
96%
you
94%
at
92%
like
92%
your
92%
I'll
91%
love
91%
of
91%
"Worship
91%
worship
91%
dog
89%
sin
89%
so
89%
She
88%
can
87%
got
87%
life
87%
funeral
86%
knife
86%
lover's
86%
sins
86%
sins,
86%
tell
86%
She's
85%
be
83%
give
83%
God,
83%
good
83%
sharpen
83%
ever
82%
giggle
82%
on
82%
death
81%
humor
81%
am
80%
and
80%
in
80%
In
80%
Every
79%
let
79%
Offer
78%
shrine
78%
that
78%
That
78%
We
78%
amen
77%
Amen,
77%
amen,
77%
heaven
77%
no
77%
No
77%
did
76%
If
76%
Oh,
76%
oh,
76%
her
75%
Is
75%
is
75%
it
75%
speak
74%
when
74%
born
73%
sick,
73%
sooner
73%
but
72%
I'm
72%
last
72%
only
72%
Only
72%
bedroom"
71%
deathless
71%
get
71%
were
71%
disapproval
70%
say
70%
true
70%
everybody's
69%
heavens
69%
was
69%
with
69%
mouthpiece
68%
should've
68%
worshipped
68%
gettin'
67%
more
67%
them
67%
heard
66%
lies
65%
alone
63%
Sunday's
63%
fresh
62%
poison
62%
tells
62%
week
62%
each
61%
sent
60%
bleak
59%
offers
59%
then,
57%
absolutes
53%
well
53%
There
51%
side
49%
begins
48%
Command
48%
human,
48%
Knows
48%
ritual
47%
for
46%
times
46%
horse
45%
or
45%
sacrifice
45%
This
45%
What
45%
high
44%
keep
44%
somethin'
44%
Somethin'
44%
sunlight
44%
lookin'
43%
stable?
43%
sweeter
42%
than
42%
That's
42%
fine
41%
hungry
41%
looks
41%
masters
41%
plenty
41%
tasty,
41%
innocence
40%
our
40%
pagan
40%
shiny
40%
course
39%
goddess
39%
main
39%
demands
38%
kings
37%
sea,
36%
work
36%
gentle
35%
meaty
35%
whole
35%
faithful
33%
Drain
31%
clean
30%
madness
28%
starvin'
28%
lot
27%
scene
25%
We've
25%
sad
23%
earthly
22%
soil
20%
No matching quizzes found
Score Distribution
Percent of People with Each Score
Percentile by Number Answered
Your Score History
You have not taken this quiz